Finish the Lyrics - Gangsta's Paradise - Statistics

General Stats
  • This quiz has been taken 104 times
  • The average score is 31 of 49
Answer Stats
Hint Answer % Correct
As I walk through the valley of the shadow of _____ death
89%
I take a look at my ____ and realize there's nothin' left life
86%
I'm livin' ____ do-or-die, what can I say? life
86%
We've been spendin' most their lives livin' in the gangsta's ________ paradise
86%
We've been spendin' most their lives livin' in the gangsta's ________ paradise
86%
We keep spendin' most our lives livin' in the gangsta's ________ paradise
86%
We keep spendin' most our lives livin' in the gangsta's ________ paradise
86%
We've been spendin' most their lives livin' in the gangsta's ________ paradise
86%
We've been spendin' most their lives livin' in the gangsta's ________ paradise
86%
We keep spendin' most our lives livin' in the gangsta's ________ paradise
86%
We keep spendin' most our lives livin' in the gangsta's ________ paradise
86%
We've been spendin' most their lives livin' in the gangsta's ________ paradise
86%
We've been spendin' most their lives livin' in the gangsta's ________ paradise
86%
We keep spendin' most our lives livin' in the gangsta's ________ paradise
86%
We keep spendin' most our lives livin' in the gangsta's ________ paradise
86%
Even my _____ thinks that my mind is gone momma
73%
You better watch how ya talkin' and where you ______' walkin'
72%
But I ain't never crossed a ___ that didn't deserve it man
70%
Tell me why are we so _____ to see blind
68%
Tell me, why are we so _____ to see blind
68%
Tell me, why are we so _____ to see blind
68%
I'm a educated fool with _____ on my mind money
66%
Got my ten in my hand and a gleam in my ___ eye
64%
I'm 23 now, but will I ____ to see 24? live
64%
As they croak, I see myself in the pistol _____, fool smoke
64%
On my knees in the night, sayin' prayers in the ___________ streetlight
62%
The way things is goin', I don't ____ know
61%
That the ones we ____ are you and me? hurt
59%
That the ones we ____ are you and me? hurt
59%
That the ones we ____ are you and me? hurt
59%
'Cause I've been blastin' and _______' so long that laughin'
57%
Too much television watchin' got me chasin' ______ dreams
55%
______ after ______, hour after hour minute
55%
Me be treated like a ____, you know that's unheard of punk
55%
I'm the kinda G the little ______ wanna be like homies
54%
Look at the _________ they got me facin' situation
51%
And my homies is down, so don't arouse my _____, fool anger
50%
They say I gotta learn, but nobody's here to _____ me teach
50%
So I gotta be down with the hood ____ team
47%
Or you and your homies might be lined in _____ chalk
43%
I'm a loc'd out _______, set trippin' banger gangsta
41%
If they can't understand it, how can they _____ me? reach
41%
Death ain't nothin' but a _________ away heartbeat
38%
That's why I know my life is out of ____, fool luck
35%
I really hate to ____, but I gotta loc trip
35%
It's goin' on in the _______, but I don't know what's cookin' kitchen
34%
I guess they can't, I guess they won't, I guess they _____ front
30%
Everybody's runnin', but ____ of them ain't lookin' half
30%
I can't live a normal life, I was raised by the _____ state
14%
No matching quizzes found
Score Distribution
Percent of People with Each Score
Percentile by Number Answered
Your Score History
You have not taken this quiz